Značka v marketingových souvislostech neziskové organizace

Neziskové organizácie sa stali neodmysliteľnou súčasťou nielen vyspelej spoločnosti 21. storočia, ale aj dobre fungujúceho trhu. Neziskové organizácie budú musieť začať klásť väčší dôraz na hodnotu svojej značky, jej rozvoj a samotný positioning. Značka ako ústredný komponent organizácie.

Salvato in:
Dettagli Bibliografici
Autore principale: Hommerová, Dita
Natura: Capitolo di libro
Lingua:ceco
Soggetti:
Tags: Aggiungi Tag
Nessun Tag, puoi essere il primo ad aggiungerne!!

MARC

LEADER 00000naa a2200000 4500
001 0205604
005 20231115070846.1
041 0 |a cze 
044 |a CZ 
245 1 0 |a Značka v marketingových souvislostech neziskové organizace  |c Dita Hommerová 
520 |a Neziskové organizácie sa stali neodmysliteľnou súčasťou nielen vyspelej spoločnosti 21. storočia, ale aj dobre fungujúceho trhu. Neziskové organizácie budú musieť začať klásť väčší dôraz na hodnotu svojej značky, jej rozvoj a samotný positioning. Značka ako ústredný komponent organizácie. 
610 2 0 |a organizácie neziskové 
610 2 0 |a značky 
610 2 0 |a manažment značky 
100 1 |a Hommerová, Dita